书目信息 |
| 题名: |
南海,南海
|
|
| 作者: | 宋忠平 著 | |
| 分册: | ||
| 出版信息: | 北京 中国发展出版社 2016 |
|
| 页数: | 264页 | |
| 开本: | 23cm | |
| 丛书名: | 发展·文库 | |
| 单 册: | ||
| 中图分类: | P722.7 | |
| 科图分类: | ||
| 主题词: | ||
| 电子资源: | ||
| ISBN: | 978-7-5177-0113-2 | |
| 000 | 00726nam0 2200229 450 | |
| 001 | 2359 | |
| 005 | 20161205103740.42 | |
| 010 | @a978-7-5177-0113-2@dCNY45.00 | |
| 100 | @a20160801d2016 em y0chiy50 ea | |
| 101 | 0 | @achi |
| 102 | @aCN@b110000 | |
| 105 | @aa z 000yy | |
| 200 | 1 | @a南海,南海@9nan hai,nan hai@f宋忠平著 |
| 210 | @a北京@c中国发展出版社@d2016 | |
| 215 | @a264页@c图,照片@d23cm | |
| 225 | 1 | @a发展·文库 |
| 330 | @a本书以章节形式分别对南海的自然资源、气候条件、开发前景等方面的重要意义做了介绍,为企业走向海洋提供知识信息。 | |
| 607 | @a南海@x概况 | |
| 690 | @aP722.7@v5 | |
| 701 | 0 | @a宋忠平@9song zhong ping@4著 |
| 801 | 0 | @aCN@b大连网信软件有限公司图书馆·11@c20161205 |
| 905 | @aZUCC@dP722.7@e66 | |
| 南海,南海/宋忠平著.-北京:中国发展出版社,2016 |
| 264页:图,照片;23cm.-(发展·文库) |
| ISBN 978-7-5177-0113-2:CNY45.00 |
| 本书以章节形式分别对南海的自然资源、气候条件、开发前景等方面的重要意义做了介绍,为企业走向海洋提供知识信息。 |
| ● |
| 相关链接 |
|
|
|
|
正题名:南海,南海
索取号:P722.7/66
 
预约/预借
| 序号 | 登录号 | 条形码 | 馆藏地/架位号 | 状态 | 备注 |
| 1 | 910626 | 209106260 | 第二样本阅览室/ [索取号:P722.7/66] | 在馆 | |
| 2 | 910627 | 209106279 | 第三借阅区/ [索取号:P722.7/66] | 在馆 | |
| 3 | 910628 | 209106288 | 第三借阅区/ [索取号:P722.7/66] | 在馆 | |
| 4 | 910629 | 209106297 | 第三借阅区/ [索取号:P722.7/66] | 在馆 | |
| 5 | 910630 | 209106304 | 第三借阅区/ [索取号:P722.7/66] | 在馆 |